How to serve a Scottish SDI and INSPIRE conformant web map service (Record no. 110651)

MARC details
000 -LEADER
fixed length control field 01357cad a22002175a 4500
001 - CONTROL NUMBER
control field E149861
008 - FIXED-LENGTH DATA ELEMENTS--GENERAL INFORMATION
fixed length control field 100506s2010 xxk f s000 0 eng d
020 ## - INTERNATIONAL STANDARD BOOK NUMBER
International Standard Book Number 9780755993345
035 ## - SYSTEM CONTROL NUMBER
System control number (Sirsi) u149861
041 0# - LANGUAGE CODE
Language code of text/sound track or separate title eng
245 00 - TITLE STATEMENT
Title How to serve a Scottish SDI and INSPIRE conformant web map service
Remainder of title a BGS and Scottish Government co-funded research report
Medium [electronic resource]
260 ## - PUBLICATION, DISTRIBUTION, ETC.
Place of publication, distribution, etc. Edinburgh
Name of publisher, distributor, etc. British Geological Survey
Date of publication, distribution, etc. 2010
520 ## - SUMMARY, ETC.
Summary, etc. Scotland's Geographic Information Strategy "One Scotland: One Geography" was published in 2005, aimed at delivering Scotland's Spatial Data Infrastructure (SDI). This includes two elements: ensuring access to the most up-to-date and accurate geographic information; and developing and promoting the sharing of geographic information. This Report is the Cookbook for Web Mapping Services and will be used during 2010/11 to guide organisations in exposing priority datasets to the Scottish SDI, ensuring their compliance with the INSPIRE Directive in the long term.
521 ## - TARGET AUDIENCE NOTE
Target audience note Expert
590 ## - LOCAL NOTE (RLIN)
Local note KA
651 #4 - SUBJECT ADDED ENTRY--GEOGRAPHIC NAME
Geographic name Scotland
Chronological subdivision 1999-
690 ## - LOCAL SUBJECT ADDED ENTRY--TOPICAL TERM (OCLC, RLIN)
Topical term or geographic name as entry element ENVIRONMENTAL AND LAND CONSULTANCY-GEOMATICS-MAPPING AND POSITIONING
700 1# - ADDED ENTRY--PERSONAL NAME
Personal name Duffy, Tim
Relator term Editor
856 40 - ELECTRONIC LOCATION AND ACCESS
Uniform Resource Identifier <a href="https://www.scotland.gov.uk/Publications/2010/05/06113428/0">https://www.scotland.gov.uk/Publications/2010/05/06113428/0</a>
Public note View the report free of charge at www.scotland.gov.uk
942 ## - ADDED ENTRY ELEMENTS (KOHA)
Suppress in OPAC 0
Holdings
Withdrawn status Lost status Source of classification or shelving scheme Damaged status Not for loan Home library Current library Shelving location Date acquired Total Checkouts Full call number Barcode Date last seen Copy number Price effective from Koha item type
    Dewey Decimal Classification     Virtual Virtual Online 06/05/2010   ONLINE PUBLICATION 149861-2001 06/08/2019 1 06/08/2019 Book